[Event "ISR-ch (Women)"]
[Site "?"]
[Date "1994.??.??"]
[Round "?"]
[White "Chervonenko, Irina"]
[Black "Dotan, Valeria"]
[Result "0-1"]
[WhiteElo "2135"]
[BlackElo "2045"]

1.c4 Nf6 2.Nc3 c5 3.Nf3 g6 4.e3 Bg7 5.d4 O-O 6.Be2 cxd4 7.exd4 d5 8.O-O Nc6
9.a3 e6 10.c5 Ne4 11.Be3 b6 12.cxb6 Nxc3 13.bxc3 axb6 14.Qc2 Ba6 15.Bxa6 Rxa6
16.c4 dxc4 17.Qxc4 Qa8 18.Rfc1 Ne7 19.Qb3 Qd5 20.Qc3 Nf5 21.Ne5 Nxe3 22.Qxe3 Ra4
23.Nc6 Qd6 24.Qb3 Rfa8 25.Qxb6 Bxd4 26.Rd1 Bxb6 27.Rxd6 Bc5 28.Rd7 Rxa3 29.Rxa3 Rxa3
30.Rd1 Ra2 31.Rf1 f6 32.Nd8 e5 33.g4 Bb6 34.Nc6 Kf7 35.h3 Ke6 36.Nb4 Rd2
37.Kg2 f5 38.gxf5+ gxf5 39.Kg3 e4 40.f4 Rb2 41.Nc6 Rc2 42.Nb4 Rc3+ 43.Kg2 Bc7
44.Rf2 e3 45.Re2 Bxf4 46.Nc2 Ke5 47.Kf3 Bh6 48.Ne1 Rb3 49.Ng2 Rd3 50.Ra2 e2+
51.Kxe2 Rxh3 52.Ra5+ Kf6 53.Ra6+ Kg5 54.Ra8 Kg4 55.Rg8+ Bg5 56.Kf2 h6 57.Ra8 Rf3+
58.Kg1 Kh3 59.Ra1 Rg3 60.Rf1 Rxg2+  0-1

[Event "JUG-chT2"]
[Site "?"]
[Date "1994.??.??"]
[Round "5"]
[White "Aleksic, Nenad2"]
[Black "Konjevic, Djordje"]
[Result "1/2-1/2"]
[WhiteElo "2305"]
[BlackElo "2380"]

1.Nf3 Nf6 2.c4 c5 3.Nc3 g6 4.g3 Bg7 5.Bg2 Nc6 6.O-O O-O 7.d3 d5 8.cxd5 Nxd5
9.Bd2 e6 10.Rc1 b6 11.a3 a5 12.Nxd5 exd5 13.Bc3 Bh6 14.Bd2 Bg7 15.Bc3  1/2-1/2

[Event "JUG-chT2"]
[Site "?"]
[Date "1994.??.??"]
[Round "5"]
[White "Todorovic, Goran N"]
[Black "Simonyi, Zoltan"]
[Result "1-0"]
[WhiteElo "2400"]
[BlackElo "2285"]

1.c4 Nf6 2.Nc3 c5 3.Nf3 d5 4.cxd5 Nxd5 5.e3 g6 6.Qb3 e6 7.Bb5+ Nc6 8.Ne5 Bd7
9.Bxc6 Bxc6 10.Nxc6 bxc6 11.Qc4 Nb4 12.Ke2 Qg5 13.Qe4 Qf5 14.Qxf5 gxf5 15.b3 Rg8
16.g3 O-O-O 17.Bb2 Nd3 18.Rab1 Bg7 19.Na4 Bxb2 20.Nxb2 Nxb2 21.Rxb2 Rd5 22.Rc1 Kc7
23.Rc4 Rg7 24.Rbc2 Kb7 25.Rxc5 Rd6 26.R2c4 Kb6 27.d4 Rg8 28.Rb4+ Kc7 29.Rbc4 Kb6
30.Kf3 Kb7 31.h3 Re8 32.g4 fxg4+ 33.hxg4 Rg8 34.Rb4+ Kc7 35.Ra5 Ra8 36.Rh5 Rh8
37.Rh6 Rd5 38.Rc4 Ra5 39.Rc2 Rg5 40.Kf4 Ra5 41.f3 Kd6 42.e4 Ke7 43.g5 Ra6
44.Rch2 Ke8 45.Ke5 Rg8 46.Kf6 Ra5 47.f4 Rb5 48.Rc2 Rb6 49.Ke5 Ke7 50.Rxh7 Ra6
51.d5 cxd5 52.Rc7+ Kd8 53.Rhxf7 dxe4 54.Kxe4 Rxa2 55.Rxa7 Rxa7 56.Rxa7 Rg6
57.Ke5 Kc8 58.b4  1-0

[Event "JUG-ch sf"]
[Site "Kladovo"]
[Date "1994.??.??"]
[Round "?"]
[White "Arsovic, Goran"]
[Black "Milenkovic, Mladen"]
[Result "1-0"]
[WhiteElo "2375"]
[BlackElo "2250"]

1.Nf3 Nf6 2.c4 g6 3.Nc3 c5 4.g3 Bg7 5.Bg2 O-O 6.d4 cxd4 7.Nxd4 Qa5 8.O-O Nc6
9.Nb3 Qh5 10.e4 Qxd1 11.Rxd1 d6 12.c5 dxc5 13.Nxc5 Rb8 14.h3 b6 15.Nb3 Bb7
16.f4 Rfd8 17.Be3 e5 18.f5 Nb4 19.Rac1 Rd3 20.Rxd3 Nxd3 21.Rb1 Rc8 22.Nb5 Rc2
23.Rd1 Nxe4 24.Bf1 Nxg3 25.Rxd3 Nxf5 26.Rd8+ Bf8 27.Bd2 Nh4 28.Bd3 Nf3+ 29.Kf1 Nxd2+
30.Ke2 Rxb2 31.Nxd2 Kg7 32.Bc4 Ba6 33.a4 Bb4 34.Rd7 Bxd2 35.Rxd2 Rb4 36.Rc2 Rxa4
37.Nd6 Bxc4+ 38.Nxc4 b5 39.Nd6 a6 40.Rc7 Rf4 41.Ra7 g5 42.Rxa6 b4 43.Rb6 f6
44.Ke3 h6 45.Ne4 f5 46.Ng3 Kh7 47.Rb5 Kg6 48.Rxe5 Rh4 49.Nxf5 Rxh3+ 50.Ke4 h5
51.Re6+ Kf7 52.Ke5 Rf3 53.Rf6+ Kg8  1-0

[Event "JUG-ch sf"]
[Site "Kladovo"]
[Date "1994.??.??"]
[Round "?"]
[White "Damljanovic, Branko"]
[Black "Arsovic, Goran"]
[Result "1/2-1/2"]
[WhiteElo "2560"]
[BlackElo "2375"]

1.Nf3 Nf6 2.c4 c5 3.Nc3 e6 4.g3 b6 5.Bg2 Bb7 6.O-O d6 7.b3 a6 8.Bb2 Be7 9.e3 O-O
10.Qe2 Nbd7 11.Rfd1 Qc7 12.Rac1 Rfe8 13.d4 cxd4 14.exd4 Bf8 15.Ne1 Rac8 16.Qf1 Bxg2
17.Nxg2 Qb7 18.Ne3 g6 19.Ba3 Qb8 20.d5 e5 21.Nc2 Qb7 22.Nb4 Nb8 23.Re1 a5
24.Nc2 Nbd7 25.Rcd1 Qb8 26.Nb5 Nc5 27.Bxc5 bxc5 28.Qh3 e4 29.Re2 Re5 30.Rde1 Rce8
31.Nc3  1/2-1/2

[Event "JUG-ch sf"]
[Site "Kladovo"]
[Date "1994.??.??"]
[Round "?"]
[White "Nikolic, Boban"]
[Black "Marinkovic, Ivan"]
[Result "1/2-1/2"]
[WhiteElo "2330"]
[BlackElo "2445"]

1.c4 c5 2.Nc3 b6 3.Nf3 Nf6 4.d4 cxd4 5.Nxd4 Bb7 6.f3 e6 7.e4 d6 8.Be2 Be7
9.O-O O-O 10.Be3 a6 11.Qd2 Nbd7 12.Kh1 Rc8 13.Rac1 Qc7 14.Rfd1 Qb8 15.Bf1 Bd8
16.Bg1 Bc7 17.b4 Rfe8 18.Qb2 b5 19.Qf2 Ne5 20.Nb3 Ned7 21.Rc2 Red8  1/2-1/2

[Event "JUG-ch sf"]
[Site "Kladovo"]
[Date "1994.??.??"]
[Round "?"]
[White "Barlov, Dragan"]
[Black "Petronic, Jovan"]
[Result "1-0"]
[WhiteElo "2500"]
[BlackElo "2465"]

1.Nf3 Nf6 2.c4 e6 3.Nc3 c5 4.g3 b6 5.Bg2 Bb7 6.O-O Be7 7.d4 cxd4 8.Qxd4 d6
9.Rd1 a6 10.e4 Nbd7 11.b3 Qb8 12.Ba3 Nc5 13.e5 dxe5 14.Qxe5 Ncd7 15.Qxb8+ Rxb8
16.Bb2 Rg8 17.Nd4 Bxg2 18.Kxg2 Rc8 19.Rac1 g5 20.h3 h5 21.Na4 Ne4 22.Kf3 Nec5
23.Nc3 g4+ 24.hxg4 hxg4+ 25.Ke2 Ne5 26.Rc2 Ncd7 27.Bc1 Rh8 28.Be3 Rh5 29.Na4 b5
30.cxb5 Rxc2+ 31.Nxc2 axb5 32.Nc3 Nc6 33.Ne4 Nf6 34.Nxf6+ Bxf6 35.Nd4 Nb4
36.a3 Nd5 37.Nxb5 Nxe3 38.Nd6+ Ke7 39.Kxe3 Re5+ 40.Ne4 Bg7 41.Kd3 f5 42.Nc3 Rc5
43.Rc1 e5 44.Rc2 e4+ 45.Kd2 Bh6+ 46.Kd1 e3 47.fxe3 Bxe3 48.b4 Re5 49.Rg2 Bd4
50.Ne2 Be3 51.Kc2 Kd6 52.a4 Re4 53.Kb3 Bd2 54.Nc3 Bxc3 55.Kxc3 Kc6 56.Rd2 Re1  1-0

[Event "Kopavogur"]
[Site "Kopavogur"]
[Date "1994.??.??"]
[Round "?"]
[White "Wells, Peter K"]
[Black "Karason, Askell O"]
[Result "1-0"]
[WhiteElo "2490"]
[BlackElo "2225"]

1.Nf3 c5 2.c4 Nf6 3.Nc3 b6 4.g3 Bb7 5.Bg2 g6 6.b3 Bg7 7.Bb2 O-O 8.O-O d6
9.d4 cxd4 10.Nxd4 Bxg2 11.Kxg2 Qc7 12.e4 Qb7 13.f3 Nbd7 14.Qd2 a6 15.Rac1 Rac8
16.Rfd1 Rc5 17.Nd5 Re8 18.b4 Rcc8 19.Nb3 e6 20.Nxf6+ Nxf6 21.Qe2 Red8 22.Bd4 d5
23.cxd5 Rxc1 24.Rxc1 exd5 25.e5 Re8 26.Qb2 Nd7 27.e6 fxe6 28.Bxg7 e5 29.Bh6 d4
30.Nd2 Nf6 31.Bg5 Nd5 32.Ne4 Rf8 33.Qb3 Kh8 34.Bh6  1-0

[Event "Krynica op"]
[Site "Krynica"]
[Date "1994.??.??"]
[Round "?"]
[White "Adamski, Jan"]
[Black "Komorzycki, Jakub"]
[Result "1-0"]
[WhiteElo "2415"]
[BlackElo "2225"]

1.Nf3 Nf6 2.c4 c5 3.Nc3 e6 4.g3 d5 5.cxd5 exd5 6.d4 Be7 7.Bg2 b6 8.O-O O-O
9.Bg5 Bb7 10.dxc5 bxc5 11.Ne5 Na6 12.Nc4 Rb8 13.Bxf6 dxc4 14.Qxd8 Bxd8 15.Bxd8 Bxg2
16.Kxg2 Rfxd8 17.Rfd1 Rd4 18.Na4 Kf8 19.a3 Rbd8 20.Rdc1 Rd2 21.Kf1 R8d4 22.e3 Re4
23.Rc3 Nb8 24.Nxc5 Re5 25.Rxc4 Rf5 26.Ne4 Rxb2 27.Rd1 Re5 28.Rc8+ Ke7 29.Rc7+ Ke6
30.Rd6+ Kf5 31.Rxf7+ Kg4 32.Rf4+  1-0

[Event "Kstovo op"]
[Site "Kstovo"]
[Date "1994.??.??"]
[Round "3"]
[White "Totsky, Leonid"]
[Black "Brodsky, Michail"]
[Result "1/2-1/2"]
[WhiteElo "2410"]
[BlackElo "2545"]

1.c4 Nf6 2.Nc3 c5 3.Nf3 e6 4.e3 d5 5.d4 cxd4 6.exd4 Bb4 7.cxd5 Nxd5 8.Bd2 Nc6
9.Bd3 h6 10.O-O O-O 11.a3 Ba5 12.Bb1 Bb6 13.Qc2 f5 14.Ba2 Nce7 15.Na4 Bc7
16.Rfe1 b6 17.Nc3 Bd7 18.Bc4 Qc8 19.Qb3 Bc6 20.Rac1 Kh7 21.Ne5 Bxe5 22.Rxe5 Qd7
23.Nxd5 Nxd5 24.Ree1 Rf6 25.Qd3 Rg6 26.f3 Rd8 27.Rcd1 Ba4 28.Rc1 Ne7 29.Bb4 Nd5
30.Bd2 Bc6 31.Kh1 Rf6 32.Bxd5 Qxd5 33.Bf4 Qd7 34.Be5 Rff8 35.Rc3 Rc8 36.Rec1 Bb7
37.Rc7 Rxc7 38.Rxc7 Rc8  1/2-1/2

[Event "Linares op"]
[Site "Linares"]
[Date "1994.??.??"]
[Round "6"]
[White "Olafsson, Helgi"]
[Black "Castillo Gallego, Sergio"]
[Result "1-0"]
[WhiteElo "2535"]
[BlackElo "2180"]

1.c4 Nf6 2.Nc3 c5 3.Nf3 d5 4.cxd5 Nxd5 5.d4 Nxc3 6.bxc3 g6 7.e3 Bg7 8.Bd3 O-O
9.O-O Nc6 10.Ba3 cxd4 11.cxd4 Qa5 12.Qc1 Rd8 13.Rb1 Bg4 14.Rxb7 Bxf3 15.gxf3 Qg5+
16.Kh1 Rac8 17.Qd1 Qh4 18.f4 Rd5 19.Qf3 Ra5 20.Bc5 Rxa2 21.Bb5 Nd8 22.Rxe7 Ne6
23.Rxe6 fxe6 24.Bc4 Rxc5 25.Bxe6+ Kf8 26.dxc5 Rd2 27.Qa8+ Ke7 28.Qg8 Qf6
29.Rb1 Bf8 30.Rb7+ Ke8 31.Bf7+ Kd8 32.Qxf8+  1-0

[Event "Lisbon-ch"]
[Site "Lisbon"]
[Date "1994.??.??"]
[Round "4"]
[White "Alexandre, Jorge"]
[Black "Ferreira, Nelson"]
[Result "1/2-1/2"]
[WhiteElo "2305"]
[BlackElo "2265"]

1.Nf3 c5 2.c4 Nf6 3.Nc3 e6 4.g3 b6 5.Bg2 Bb7 6.O-O Be7 7.d4 cxd4 8.Nxd4 Bxg2
9.Kxg2 Qc8 10.Qd3 Nc6 11.e4 Ne5 12.Qe2 Qxc4 13.Qxc4 Nxc4 14.Ndb5 O-O 15.b3 Nd6
16.Bg5 Nxb5 17.Nxb5 a6 18.Nd4 h6 19.Bxf6 Bxf6 20.Rad1 Rac8 21.Nf3 Rfd8 22.Rd6 Rb8
23.Rfd1 Rb7 24.Nd2 Be7 25.Rd3 b5 26.e5 d6 27.exd6 Rxd6 28.Rxd6 Bxd6 29.Ne4 Be7
30.Rc1 Bb4 31.Rc6 Rd7 32.g4 a5 33.Rc8+ Kh7 34.h4 Rd4 35.Kf3 f5 36.gxf5 exf5
37.Ng3 Kg6 38.Rc6+ Rd6 39.Rc7 Rd3+ 40.Kg2 Rd4 41.Rxg7+ Kf6 42.Rb7 Rd5 43.Rb6+ Bd6
44.Nf1 f4 45.Nh2 Kf5 46.Nf3 Kg4 47.Rb7 a4 48.bxa4 bxa4 49.Rg7+ Kh5 50.Rb7 Kg4
51.Rg7+ Kh5 52.Rb7 a3 53.Rf7 Kg6 54.Rd7 Kf6 55.Rh7 Bf8 56.Rc7 Rc5 57.Rxc5 Bxc5
58.Nd2 Ke5 59.Kf3 Kd5 60.Ne4 Be7 61.h5 Kc4 62.Kxf4 Kd3 63.Ke5 Kc2 64.f4 Kb2
65.Nd2 Kxa2 66.Nc4 Kb3 67.Nxa3 Kxa3 68.Ke6 Bf8 69.f5 Kb4 70.Kf7 Bd6 71.Kg7 Kc5
72.Kxh6 Kd5 73.Kg7 Ke5 74.f6 Bf8+ 75.Kg6 Ke6  1/2-1/2

[Event "Lisbon-ch"]
[Site "Lisbon"]
[Date "1994.??.??"]
[Round "8"]
[White "Santos, Luis"]
[Black "Ferreira, Nelson"]
[Result "1-0"]
[WhiteElo "2380"]
[BlackElo "2265"]

1.c4 Nf6 2.Nc3 c5 3.Nf3 e6 4.g3 b6 5.Bg2 Bb7 6.O-O Be7 7.d4 cxd4 8.Qxd4 Nc6
9.Qf4 d6 10.b3 O-O 11.Rd1 Qb8 12.Bb2 a6 13.e4 Qc7 14.Rac1 Rfd8 15.Nd5 exd5
16.cxd5 Qd7 17.dxc6 Bxc6 18.Nd4 Bb7 19.Nf5 Qe6 20.Qg5 Bf8 21.Nh6+ Kh8 22.Bxf6 Qxf6
23.Qxf6 gxf6 24.Nxf7+ Kg8 25.Nxd8 Rxd8 26.Rc7 Bc8 27.Rdc1 Bd7 28.Rb7 d5  1-0

[Event "Litomysl op"]
[Site "Litomysl"]
[Date "1994.??.??"]
[Round "?"]
[White "Biolek, Richard"]
[Black "Spal, Milan"]
[Result "1/2-1/2"]
[WhiteElo "2425"]
[BlackElo "2255"]

1.c4 c5 2.Nc3 Nf6 3.Nf3 b6 4.g3 Bb7 5.Bg2 g6 6.O-O Bg7 7.d3 O-O 8.e4 Nc6
9.h3 Ne8 10.Be3 Nd4 11.Bxd4 cxd4 12.Ne2 e5 13.Nd2 f5 14.a4 Nc7 15.a5 f4 16.gxf4 exf4
17.axb6 axb6 18.Qb3 Ne6 19.c5 Rb8 20.cxb6 Bc8 21.Rfc1 Qxb6 22.Qxb6 Rxb6 23.Rc2 Ba6
24.Nc1 Rfb8 25.b3 Bf8 26.e5 Nc5 27.Ra5 Bb5 28.Bd5+ Kg7 29.Nc4 Ra6 30.Rca2 Rxa5
31.Rxa5 Na6 32.Nd6 Bxd6 33.exd6 Rb6 34.Kg2 Nc5 35.Bc4 Bc6+ 36.f3 Nb7 37.Ra6 Rxa6
38.Bxa6 Nxd6 39.Ne2 Bb5 40.Bxb5 Nxb5 41.Nxf4 Kf6 42.Ne2 Ke5 43.Ng3 Nc7 44.Kf2 Ne6
45.Ne2 Kd5 46.f4 Kc5 47.Kf3 d5 48.Kg4 h5+ 49.Kh4 Kb4 50.f5 gxf5 51.Kxh5 Kxb3
52.Kg6 f4 53.Kf5 f3 54.Ng3 Nf8 55.Kf4 Kc3 56.Kxf3 Kxd3 57.Nf5 Ne6 58.Ne7  1/2-1/2

[Event "Litomysl op"]
[Site "Litomysl"]
[Date "1994.??.??"]
[Round "?"]
[White "Zdenek, Petr"]
[Black "Hudecek, Jan"]
[Result "0-1"]
[WhiteElo "2130"]
[BlackElo "2275"]

1.c4 Nf6 2.Nc3 c5 3.Nf3 d5 4.cxd5 Nxd5 5.e4 Nb4 6.Bb5+ N8c6 7.O-O a6 8.Bxc6+ Nxc6
9.h3 g6 10.d3 Bg7 11.Be3 Nd4 12.Bxd4 cxd4 13.Ne2 O-O 14.a4 e5 15.Nd2 Be6
16.f4 f6 17.f5 Bf7 18.a5 b5 19.axb6 Qxb6 20.b3 Rfb8 21.fxg6 hxg6 22.Nc1 Qe6
23.Nc4 f5 24.Qf3 f4 25.Rf2 Bf8 26.Ra5 Bb4 27.Rxe5 Qf6 28.Rd5 Bxd5 29.exd5 Re8
30.Ne2 g5 31.d6 Rad8 32.Qg4 Bxd6 33.h4 Bb8 34.hxg5 Qg6 35.Nxf4 Re1+ 36.Kh2 Qxd3
37.g3 Qe4 38.Rg2 Qb1 39.Rf2 Qe4 40.Rg2 Qb1 41.Rf2 Bxf4  0-1

[Event "Ljubljana op"]
[Site "Ljubljana"]
[Date "1994.??.??"]
[Round "?"]
[White "Truta, Srecko"]
[Black "Piber, Vinko"]
[Result "1-0"]
[WhiteElo "2260"]
[BlackElo "2020"]

1.c4 c5 2.Nc3 Nf6 3.Nf3 d5 4.cxd5 Nxd5 5.g3 Nc6 6.Bg2 Nc7 7.d3 e5 8.O-O Be7
9.Nd2 Bd7 10.Nc4 f6 11.f4 O-O 12.Bd2 Rc8 13.Rc1 b6 14.Kh1 exf4 15.Bxf4 g5
16.Bd2 h5 17.Ne4 Ne8 18.Ne3 Nd4 19.Bc3 f5 20.Nd2 Be6 21.Nec4 f4 22.gxf4 gxf4
23.Ne5 Bd6 24.Bxd4 cxd4 25.Nc6 Rxc6 26.Bxc6 Nf6 27.Nf3 Bc5 28.a3 Qd6 29.Bb5 a5
30.Bc4 Nd5 31.Qe1 Bg4 32.Qh4 Rf5 33.h3 Bxf3+ 34.Rxf3 Kh7 35.Rg1 Qe5 36.Qd8 Bf8
37.Qxd5 Qxd5 38.Bxd5 Rxd5 39.Rxf4 Bh6 40.Rf7+ Kh8 41.Rg6  1-0

[Event "Ljubljana op"]
[Site "Ljubljana"]
[Date "1994.??.??"]
[Round "?"]
[White "Nikolic, Sava NR"]
[Black "Brglez, Rado"]
[Result "0-1"]
[WhiteElo "2085"]
[BlackElo "2285"]

1.c4 Nf6 2.Nc3 c5 3.Nf3 d5 4.cxd5 Nxd5 5.g3 Nc6 6.Bg2 Nc7 7.O-O e5 8.d3 Be7
9.a3 O-O 10.e3 Be6 11.Qe2 Qd7 12.Rd1 Rad8 13.Bf1 Bb3 14.Re1 Rfe8 15.e4 Bf8
16.Bg5 Rc8 17.Rac1 b6 18.Be3 h6 19.h4 Be6 20.Nd2 Rcd8 21.Nf3 Bg4 22.Red1 Re6
23.Bg2 Rd6 24.Bf1 Qe6 25.Rd2 Na5 26.Rdd1 Nb3 27.Rb1 g6 28.Bg2 Bg7 29.Qc2 Nd4
30.Bxd4 exd4 31.Ne2 Qe7 32.Nh2 Bc8 33.f4 Re8 34.Rf1 Nd5 35.Qd2 Ne3 36.Rf2 Ba6
37.b3 Rdd8 38.Bh3 b5 39.Qa5 Rd6 40.e5 Rb6 41.Nf3 f6 42.exf6 Bxf6 43.Nd2 Bb7
44.Nf3 Bd5 45.Qd2 Ra6 46.Qc1 Rc6 47.Qd2 Kg7 48.Nh2 c4 49.bxc4 bxc4 50.dxc4 Rxc4
51.Rc1 Qxa3 52.Rxc4 Nxc4 53.Qd1 d3 54.Nc1 d2 55.Ne2 Qd3 56.Nf1 Bf3  0-1

[Event "Ljubljana op"]
[Site "Ljubljana"]
[Date "1994.??.??"]
[Round "?"]
[White "Mikhalchishin, Adrian"]
[Black "Podlesnik, Bogdan"]
[Result "1/2-1/2"]
[WhiteElo "2530"]
[BlackElo "2400"]

1.Nf3 c5 2.c4 Nf6 3.Nc3 e6 4.e3 b6 5.d4 cxd4 6.exd4 Bb7 7.Bd3 Be7 8.O-O d5
9.cxd5 Nxd5 10.Bb5+ Bc6 11.Bc4 O-O 12.Ne5 Nxc3 13.bxc3 Bd5 14.Bb3 Qc7 15.Bb2 Nc6
16.c4 Nxe5 17.cxd5 Nc4 18.dxe6 Nxb2 19.Qe2 Ba3 20.exf7+ Kh8 21.Rac1 Qd6 22.Rc3 Qxd4
23.Rh3 g6 24.Bc2 Qd6 25.Bxg6 Qxg6 26.Rg3 Qf6 27.Rf3 Qg7 28.Rg3 Qf6 29.Rf3 Qg7
30.Rg3  1/2-1/2

[Event "Lloyds Bank op"]
[Site "London"]
[Date "1994.??.??"]
[Round "3"]
[White "King, Daniel J"]
[Black "Webb, Laurence"]
[Result "1-0"]
[WhiteElo "2495"]
[BlackElo "2240"]

1.Nf3 Nf6 2.c4 e6 3.Nc3 c5 4.d4 cxd4 5.Nxd4 d5 6.Bg5 e5 7.Bxf6 gxf6 8.Nc2 d4
9.Nd5 Be6 10.e4 Bxd5 11.cxd5 Qa5+ 12.Qd2 Qxd2+ 13.Kxd2 Bd6 14.g3 Na6 15.Bh3 Nc5
16.Bf5 a5 17.Rhc1 a4 18.Na3 Ke7 19.Nc4 b5 20.Nxd6 Kxd6 21.Rc2 b4 22.Rxc5 Kxc5
23.Rc1+ Kd6 24.Rc6+ Ke7 25.d6+ Kf8 26.Kd3 a3 27.b3 Rb8 28.Kc4 Kg7 29.d7 Kf8
30.Rxf6 Ke7 31.Rc6 Rhd8 32.f4 exf4 33.gxf4 Rxd7 34.Bxd7 Kxd7 35.Rc5 Ke6 36.Re5+ Kf6
37.Rf5+ Ke6 38.Re5+ Kf6 39.Rd5 Rc8+ 40.Kxb4 Rc2 41.Kxa3 Rxh2 42.b4 Rf2 43.b5 Rxf4
44.Rxd4 Ke5 45.Rb4 Rg4 46.b6 Rg8 47.b7 Rb8 48.Ka4 Kd6 49.Ka5 Kc5 50.Rb1  1-0

[Event "Makarska"]
[Site "Makarska"]
[Date "1994.??.??"]
[Round "?"]
[White "Horvath, Csaba"]
[Black "Grosar, Aljosa"]
[Result "1/2-1/2"]
[WhiteElo "2540"]
[BlackElo "2430"]

1.c4 Nf6 2.Nf3 c5 3.Nc3 d5 4.cxd5 Nxd5 5.d4 cxd4 6.Qxd4 Nxc3 7.Qxc3 Nc6 8.e4 e6
9.Bb5 Bd7 10.O-O Qb6 11.Be2 Qb4 12.Qc2 Qc5 13.Qb3 Qb4  1/2-1/2

[Event "CRO-chT"]
[Site "Makarska"]
[Date "1994.??.??"]
[Round "3"]
[White "Marangunic, Srdjan"]
[Black "Jukic, Mirko"]
[Result "1/2-1/2"]
[WhiteElo "2460"]
[BlackElo "2485"]

1.c4 c5 2.Nc3 Nf6 3.Nf3 b6 4.g3 Bb7 5.Bg2 g6 6.O-O Bg7 7.b3 O-O 8.Bb2 d6
9.e3 Nbd7 10.Qc2 e6 11.d4 a6 12.Rad1 Qc7 13.dxc5 dxc5 14.a4  1/2-1/2

[Event "Mar del Plata op"]
[Site "Mar del Plata"]
[Date "1994.??.??"]
[Round "1"]
[White "Acosta, Mariano"]
[Black "Szmetan, Jorge"]
[Result "0-1"]
[WhiteElo "2115"]
[BlackElo "2405"]

1.Nf3 Nf6 2.c4 c5 3.Nc3 b6 4.e4 Bb7 5.Bd3 d6 6.O-O Nbd7 7.Re1 e6 8.Bc2 a6
9.d3 Be7 10.Ba4 O-O 11.Bxd7 Nxd7 12.Qe2 Qc7 13.Bg5 Bxg5 14.Nxg5 h6 15.Nh3 Ne5
16.Nf4 Qe7 17.Rad1 f5 18.g3 g5 19.Ng2 fxe4 20.dxe4 Nf3+ 21.Kh1 Nxe1 22.Rxe1 b5
23.Qh5 Rxf2 24.Ne3 Qf7 25.Qxh6 Qf6 26.Qh5 Qf3+ 27.Qxf3 Rxf3 28.Ng4 bxc4  0-1

[Event "Marbach"]
[Site "Marbach"]
[Date "1994.??.??"]
[Round "?"]
[White "Kraut, Rainer"]
[Black "Schmitt, Axel"]
[Result "1-0"]
[WhiteElo "2420"]
[BlackElo "2350"]

1.c4 Nf6 2.Nc3 c5 3.Nf3 e6 4.e3 b6 5.d4 cxd4 6.exd4 Bb7 7.Bd3 Be7 8.O-O O-O
9.Re1 d5 10.cxd5 Nxd5 11.a3 Nd7 12.Bc2 Nxc3 13.bxc3 Ba6 14.h4 Rc8 15.Re3 Nf6
16.Ne5 Nd5 17.Qh5 f5 18.Bb3 Bf6 19.Bd2 Qd6 20.Rg3 Bxe5 21.dxe5 Qxe5 22.Re1 Qf6
23.Bxd5 exd5 24.Bf4 Qf7 25.Be5 Rce8 26.Qh6 Rxe5 27.Rxe5 f4 28.Rxg7+  1-0

[Event "Marbach"]
[Site "Marbach"]
[Date "1994.??.??"]
[Round "?"]
[White "Schmitt, Axel"]
[Black "Giertz, Niklaus"]
[Result "1-0"]
[WhiteElo "2350"]
[BlackElo "2270"]

1.Nf3 Nf6 2.c4 c5 3.Nc3 d5 4.cxd5 Nxd5 5.e4 Nb4 6.Bb5+ N8c6 7.d4 cxd4 8.a3 Bd7
9.Nxd4 Nxd4 10.Bxd7+ Qxd7 11.axb4 e6 12.Be3 Rd8 13.O-O a6 14.b5 axb5 15.Qh5 g6
16.Qe5 f6 17.Qxf6 Bg7 18.Qg5 b4 19.Na4 O-O 20.Qg4 Nc2 21.Nc5 Qe7 22.Nxe6 Nxe3
23.fxe3 Rxf1+ 24.Rxf1 Qd7 25.Qg5 Rc8 26.Nxg7 Qxg7 27.Qd5+ Kh8 28.e5 h5 29.e6 Qxb2
30.Qd7 Rg8 31.Rf7 Rd8  1-0

[Event "Maribor Pirc"]
[Site "Maribor"]
[Date "1994.??.??"]
[Round "3"]
[White "Rotstein, Arkadij"]
[Black "Gostisa, Leon"]
[Result "1/2-1/2"]
[WhiteElo "2480"]
[BlackElo "2410"]

1.c4 Nf6 2.Nf3 c5 3.Nc3 e6 4.g3 b6 5.Bg2 Bb7 6.O-O d6 7.d4 cxd4 8.Qxd4 a6
9.b3 Nbd7 10.Rd1 Be7 11.e4 Qb8 12.Qe3 O-O 13.Nd4 Re8 14.Bb2 Bf8 15.Qd2 Qa7
16.Re1 Rad8 17.h3 Qa8 18.Rad1 g6 19.Kh2 Bg7 20.Qc2 Nc5 21.f3 Qb8 22.Qf2 Nh5
23.Bc1 h6 24.Nde2 Ba8 25.g4 d5+ 26.f4 d4 27.b4 dxc3 28.Rxd8 Rxd8 29.bxc5 Nf6
30.e5 Nd7 31.Bxa8 Nxc5 32.Bf3 Nd3 33.Qg3 Nxe1 34.Qxe1 g5 35.Qxc3 gxf4 36.Bxf4 Rc8
37.Kg2 Rc5 38.Qe3 Rxc4 39.Bxh6 Qxe5 40.Qd3 b5 41.Bd2 Bf6 42.a3 Be7 43.Bc3 Qd6
44.Qe3 Qc5 45.Bd4 Qg5 46.Qe4 e5 47.Qa8+ Bf8 48.Bf2 Rc2 49.Ng3 Qf4 50.Ne4 Qe3
51.Qd8 a5 52.g5 Qd4 53.Qe8 Kg7 54.Kg3 Rxf2 55.Nxf2 Qf4+ 56.Kg2 b4 57.Ne4 bxa3
58.Qc6 Be7 59.Qd5 Bxg5 60.Qb3 Bh4 61.Qa4 Bf6 62.Qxa3 Bh4 63.Kh1 f5 64.Nd6 Kg6
65.Qb3 Qc1+ 66.Qd1 Qxd1+ 67.Bxd1 e4 68.Ba4 Be7 69.Nc4 Bb4 70.Kg2 Kg5 71.Bc6 Kf4
72.Bd7 e3 73.Kf1 a4 74.Nb6 Kf3 75.Bc6+ Kg3  1/2-1/2

[Event "Maromme op"]
[Site "Maromme"]
[Date "1994.??.??"]
[Round "?"]
[White "Pytel, Krzysztof"]
[Black "Velikov, Petar"]
[Result "1-0"]
[WhiteElo "2445"]
[BlackElo "2470"]

1.Nf3 Nf6 2.c4 c5 3.Nc3 e6 4.g3 b6 5.Bg2 Bb7 6.O-O d6 7.Re1 Be7 8.e4 Nbd7
9.d4 cxd4 10.Nxd4 Qc7 11.Be3 a6 12.f4 O-O 13.Rc1 Rfe8 14.g4 Nc5 15.Bf2 g6
16.b4 Ncd7 17.Nd5 exd5 18.cxd5 Nc5 19.bxc5 bxc5 20.Nc2 Bf8 21.Na3 Bg7 22.Nc4 Nd7
23.Rb1 Rab8 24.g5 Ba8 25.Qa4 Bb7 26.Bh3 Red8 27.Qa5 Qxa5 28.Nxa5 Ba8 29.Nc6  1-0

[Event "Wch U20"]
[Site "Matinhos"]
[Date "1994.??.??"]
[Round "?"]
[White "Gabriel, Christian"]
[Black "Vescovi, Giovanni"]
[Result "1/2-1/2"]
[WhiteElo "2530"]
[BlackElo "2430"]

1.Nf3 Nf6 2.c4 g6 3.Nc3 c5 4.d4 cxd4 5.Nxd4 Bg7 6.e4 d6 7.Be2 Nc6 8.Nc2 O-O
9.O-O b6 10.Be3 Bb7 11.Qd2 Rc8 12.f3 Nd7 13.Rad1 f5 14.exf5 gxf5 15.Bh6 Nde5
16.Bxg7 Kxg7 17.Nd5 Ng6 18.f4 e5 19.fxe5 dxe5 20.Nde3 Nce7 21.Nxf5+ Nxf5
22.Qd7+ Qxd7 23.Rxd7+ Kh8 24.Rxb7 Nf4 25.Bd1 Rxc4 26.g3 Rxc2 27.Bxc2 Ne2+
28.Kf2 Nfxg3+ 29.Ke3 Rxf1 30.hxg3 Nxg3 31.Rxh7+ Kg8 32.Rxa7 e4 33.Bxe4 Re1+
34.Kf2 Rxe4 35.Kxg3 Kf8 36.Kf3 Rh4 37.Rb7 Rb4 38.b3 Ke8 39.Rc7 Rh4 40.Rc6 Rh2
41.Rxb6 Rxa2 42.Ke4 Kd7 43.Kd5  1/2-1/2

[Event "Mlada Boleslav op"]
[Site "Mlada Boleslav"]
[Date "1994.??.??"]
[Round "3"]
[White "Kacheishvili, Giorgi"]
[Black "Jurek, Josef"]
[Result "1-0"]
[WhiteElo "2420"]
[BlackElo "2285"]

1.c4 Nf6 2.Nc3 c5 3.Nf3 e6 4.e4 d6 5.d4 cxd4 6.Nxd4 Be7 7.Be2 O-O 8.O-O a6
9.Be3 Qc7 10.Rc1 b6 11.f4 Bb7 12.Bf3 Nbd7 13.b4 Rfe8 14.Nd5 Qb8 15.Nxe7+ Rxe7
16.Qd3 Re8 17.Ne2 Rd8 18.Nc3 Qc7 19.Rfd1 Ne8 20.Bf2 Rac8 21.Ne2 Qb8 22.g4 Bc6
23.Bh4 Ndf6 24.Nd4 Bb7 25.g5 Nd7 26.Bf2 Qa8 27.h4 Ne5 28.fxe5 dxe5 29.Qe2 exd4
30.Bxd4 b5 31.c5 Rd7 32.Rd3 Rcd8 33.Rcd1 Bc6 34.Kg2 Qb8 35.Bf2 Qb7 36.Bg3 Rxd3
37.Rxd3 Rd7 38.Qd2 Rxd3 39.Qxd3 Qc8 40.Qd4 Kf8 41.Be5 Qd7 42.Qxd7 Bxd7 43.Bb8 Bc6
44.e5 Bxf3+ 45.Kxf3 Ke7 46.c6 Kd8 47.Ke4 Kc8 48.Bd6 f5+ 49.gxf6 gxf6 50.exf6 Nxf6+
51.Ke5 Nd5 52.Kxe6 Ne3 53.h5 Nc4 54.Bf4 Nb6 55.h6  1-0

[Event "Mlada Boleslav op"]
[Site "Mlada Boleslav"]
[Date "1994.??.??"]
[Round "7"]
[White "Tolstikh, Nikolay"]
[Black "Nishimura, Hiroyuki"]
[Result "1/2-1/2"]
[WhiteElo "2400"]
[BlackElo "2270"]

1.Nf3 Nf6 2.c4 c5 3.Nc3 b6 4.g3 Bb7 5.Bg2 e6 6.O-O Nc6 7.e4 Qb8 8.d4 cxd4
9.Nxd4 Nxd4 10.Qxd4 Bd6 11.Bg5 Be5 12.Qd3 O-O 13.Rac1 h6 14.Bd2 Qc7 15.Kh1 Qc6
16.Rce1 Rac8 17.b3 a6 18.a4 Bb8 19.Rg1 Qc5 20.Qe2 Be5 21.f4 Bd4 22.Rgf1 d6
23.Be3 Bxe3 24.Qxe3 Qb4 25.Rb1 e5 26.fxe5 Ng4 27.Qe1 Nxe5 28.Nd5 Qxe1 29.Ne7+ Kh7
30.Rbxe1 Rcd8 31.Rd1 Ng4 32.Rf4 Ne3 33.Rd4 Rfe8 34.Nd5 Bxd5 35.exd5 Nxg2
36.Kxg2 f6 37.Rde4 Kg6 38.Kf2 Re5 39.Rxe5 fxe5 40.Rf3 Rb8 41.g4 b5 42.axb5 axb5
43.Kg3 bxc4 44.bxc4 Rc8 45.Rc3 Kf6 46.h3 e4 47.Kf4 Re8 48.Rc2 e3 49.Re2 Rc8
50.Rxe3 Rxc4+ 51.Kg3 Kf7 52.Re6 Rc3+ 53.Kf4 Rxh3 54.Rxd6 Rd3 55.Ke4 Rg3  1/2-1/2

[Event "Moscow ol (Men)"]
[Site "Moscow"]
[Date "1994.??.??"]
[Round "1"]
[White "Smejkal, Jan"]
[Black "Osman, Gadir Abdel"]
[Result "1-0"]
[WhiteElo "2510"]
[BlackElo "2185"]

1.c4 Nf6 2.Nf3 c5 3.Nc3 g6 4.d4 cxd4 5.Nxd4 Bg7 6.e4 d6 7.Be2 Nc6 8.Be3 Bd7
9.O-O Rc8 10.f3 b6 11.Qd2 Na5 12.b3 h6 13.Rac1 Kf8 14.f4 Kg8 15.h3 a6 16.Nd1 Nc6
17.e5 Ne8 18.Bf3 Nxd4 19.Bxd4 Bc6 20.Qe3 b5 21.exd6 Bxd4 22.Qxd4 Nxd6 23.c5 f5
24.cxd6 Bxf3 25.dxe7 Qb6 26.Rxc8+  1-0

[Event "Moscow ol (Men)"]
[Site "Moscow"]
[Date "1994.??.??"]
[Round "1"]
[White "Bouah, Lyndon"]
[Black "Kudrin, Sergey"]
[Result "0-1"]
[WhiteElo "2205"]
[BlackElo "2550"]

1.c4 b6 2.Nc3 c5 3.Nf3 Nf6 4.g3 Bb7 5.Bg2 g6 6.O-O Bg7 7.d4 cxd4 8.Nxd4 Bxg2
9.Kxg2 O-O 10.e4 Qc7 11.b3 a6 12.Bb2 e6 13.Rc1 d6 14.Re1 Nbd7 15.Qe2 Rfe8
16.Nf3 Rad8 17.h3 Qb7 18.Kh2 Nc5 19.b4 Ncd7 20.Red1 Bf8 21.a3 Rc8 22.Nd2 Qb8
23.Na4 Qb7 24.Bd4 Bg7 25.Qd3 Red8 26.Qe3 Rc6 27.Nb3 Qc7 28.b5 axb5 29.cxb5 Rxc1
30.Rxc1 Nc5 31.e5 Nd5 32.exd6 Qa7 33.Bxc5 Nxe3 34.Bxb6 Qxa4 35.Bxd8 Nc4 36.d7 Ne5
37.Be7 Nxd7 38.Rc8+ Nf8 39.Nc5 Qxb5 40.a4 Qe2 41.Kg2 Bd4 42.Nd3 Qxd3 43.Bxf8 Qa6
44.Rd8 Bb6 45.Rb8 Bc7  0-1